| 000 | 01466nam0a22003011 4500 | ||
|---|---|---|---|
| 001 | rc\4260658 | ||
| 005 | 20130416115511.6 | ||
| 021 |
_aRU _b[59-58451] |
||
| 035 | _a(NLR Aleph) 008482118 | ||
| 090 |
_a7996903 _c7996903 |
||
| 100 | _a20130416d1959 |||y0rusy50 ca | ||
| 101 | 0 | _arus | |
| 102 | _aRU | ||
| 105 | _ay z ||||| | ||
| 200 | 1 |
_aЧто читать колхознику о сельскохозяйственном производстве _e(Рекоменд. списки литературы) _fКалинингр. обл. б-ка. Калинингр. гос. с.-х. опыт. станция |
|
| 210 |
_aКалининград _cКн. изд-во _d1959 |
||
| 215 |
_a48 с., 9 отд. л. в обертке _d21 |
||
| 300 | _aСост. указаны в вып. дан.: Бердичевский Р.В., Ковалевич М.Д., Сударикова К.А. | ||
| 606 |
_aСельское хозяйство _yКалининградская область _jБиблиография _2psbo |
||
| 700 | 1 |
_aБердичевский _bР. В. _gРудольф Викторович _4220 |
|
| 701 | 1 |
_aСударикова _bК. А. _4220 |
|
| 701 | 1 |
_aКовалевич _bМ. Д. _gМихаил Дмитриевич _4220 |
|
| 712 | 0 | 2 |
_aКалининградская областная библиотека _3RU\NLR\AUTH\889958164 |
| 801 | 0 |
_aRU _bNLR _gpsbo |
|
| 801 | 1 |
_aRU _bELAR _2rusmarc |
|
| 852 |
_aNLR _jС361-660/Б48 |
||
| 942 | _cBOOK | ||
| 980 | _aNB | ||